Nicaragua in the 20th century: 100 years of patronage /
Guardado en:
| Hovedforfatter: | |
|---|---|
| Format: | Texto |
| Fag: | |
| Tags: |
Tilføj Tag
Ingen Tags, Vær først til at tagge denne postø!
|
MARC
| LEADER | 00000 a a2200000 04500 | ||
|---|---|---|---|
| 001 | 43395 | ||
| 003 | |||
| 040 | |||
| 100 | |a Hanene, Turid | ||
| 245 | |a Nicaragua in the 20th century: |b 100 years of patronage / |c Turid Hanene | ||
| 500 | |a Correo electrónico: turid.hagene@adm.hio.no | ||
| 650 | |a NICARAGUA | ||
| 650 | |a PODER POLTICA | ||
| 650 | |a GOBERNABILIDAD | ||
| 650 | |a HISTORIA | ||
| 650 | |a DEMOCRACIA | ||
| 650 | |a DICTADURA | ||
| 650 | |a REVOLUCION | ||
| 650 | |a GUERRA CIVIL | ||
| 650 | |a PATROCINIO | ||
| 773 | |g número36 ( , 2003), páginas 137-158 | ||
| 999 | |c 35616 |d 35616 | ||
